000 00375 a2200157 4500
001 72100
020 _a8532218695
040 _cAnchieta - Colégio São Paulo
100 _aSerrano, teresa Silvestri
240 1 0 _aConversa vai, Conversa vem
_lpor
245 1 0 _aConversa vai, Conversa vem
300 _a24
362 0 _a1999
650 4 _aLiteratura infantil
942 _cBK
999 _c72100
_d72100